000
00299nam a2200121Ia 4500
008
190216s9999||||xx |||||||||||||| ||und||
100
_a
Thoppil Bhasi
245
0
_a
Kayyu Thalayum Purathidaruthea
260
_b
Dc Books Kottayam
_c
1978
300
_a
132p
650
_a
Malayalam Nadakam
942
_c
BK
999
_c
25660
_d
25660